[Event "BCF-chT3Sa 1516 (4NCL)"]
[Site "England"]
[Date "2016.01.17"]
[Round "4.78"]
[White "Hopkins, Jamie R"]
[Black "Edgell, Ben P"]
[Result "1/2-1/2"]
[WhiteElo "2080"]
[BlackElo "2130"]
[PlyCount "73"]
[EventDate "2015.11.14"]
[EventType "team-swiss"]
[EventRounds "7"]
[EventCountry "ENG"]
[SourceTitle "CBM 170 Extra"]
[Source "ChessBase"]
[SourceDate "2016.02.25"]
[SourceVersion "1"]
[SourceVersionDate "2016.02.25"]
[SourceQuality "1"]
[WhiteTeam "Shropshire"]
[BlackTeam "West is Best"]
[WhiteTeamCountry "ENG"]
[BlackTeamCountry "ENG"]

1. c4 e5 2. g3 Nf6 3. Bg2 h6 4. Nc3 Bb4 5. a3 Bxc3 6. dxc3 0-0 7. e4 d6 8. Qe2 Be6 9. Nf3 Qd7 10. Nd2 Nc6 11. 0-0 Bh3 12. f3 Bxg2 13. Kxg2 Nh7 14. Nb3 f5 15. exf5 Qxf5 16. Be3 Rae8 17. Rad1 Nf6 18. Rde1 Ne7 19. Bg1 g5 20. Na1 b6 21. Nc2 Qg6 22. Ne3 h5 23. Qc2 Qxc2+ 24. Nxc2 Kg7 25. Ne3 Kg6 26. Rd1 Nf5 27. Nxf5 Kxf5 28. Rde1 Rf7 29. Re2 Ref8 30. Be3 Kg6 31. Ref2 e4 32. Bd4 g4 33. fxg4 Nxg4 34. Rxf7 Rxf7 35. Rxf7 Kxf7 36. h3 Nh6 37. Kf2 1/2-1/2

[Event "BCF-chT3Sa 1516 (4NCL)"]
[Site "England"]
[Date "2015.11.14"]
[Round "1.78"]
[White "Hopkins, Jamie R"]
[Black "Moore, Geoffrey R"]
[Result "1/2-1/2"]
[WhiteElo "2080"]
[BlackElo "2012"]
[PlyCount "115"]
[EventDate "2015.11.14"]
[EventType "team-swiss"]
[EventRounds "7"]
[EventCountry "ENG"]
[SourceTitle "CBM 169 Extra"]
[Source "ChessBase"]
[SourceDate "2015.12.18"]
[SourceVersion "1"]
[SourceVersionDate "2015.12.18"]
[SourceQuality "1"]

1. c4 Nf6 2. g3 g6 3. Bg2 Bg7 4. Nc3 0-0 5. Nf3 d6 6. 0-0 Nc6 7. d4 a6 8. b3 Rb8 9. d5 Na5 10. Nd4 Bd7 11. Qd3 c5 12. dxc6 bxc6 13. e4 c5 14. Nc2 Ng4 15. Bd2 Nc6 16. Rac1 Kh8 17. h3 Nge5 18. Qe3 Nd4 19. Ne2 Nec6 20. f4 f5 21. Ncxd4 cxd4 22. Qd3 e5 23. Kh2 Qe7 24. Ng1 a5 25. Rce1 Qd8 26. Re2 Qc7 27. Rc1 Nb4 28. Bxb4 axb4 29. Rf2 Qc5 30. Ne2 Ra8 31. Rc2 Rab8 32. Nc1 Qc8 33. Qf1 fxe4 34. Bxe4 Bf5 35. Qg2 Bxe4 36. Qxe4 Qf5 37. Rce2 Rbc8 38. Nd3 d5 39. cxd5 Qxe4 40. Rxe4 Rc3 41. Nxb4 exf4 42. gxf4 Re3 43. Rxe3 dxe3 44. Re2 Rxf4 45. Rxe3 Bh6 46. Re8+ Kg7 47. Nc6 Rf2+ 48. Kg3 Rxa2 49. Re7+ Kf8 50. d6 Bg5 51. Rxh7 Rd2 52. b4 Rxd6 53. b5 Be3 54. Rb7 Rd3 55. Kg4 Rb3 56. Nd8 Rb4+ 57. Kf3 Rb3 58. Kg4 1/2-1/2

[Event "BCF-chT3 0506 (4NCL)"]
[Site "Birmingham"]
[Date "2006.01.15"]
[Round "6.5"]
[White "McCorry, Robert T"]
[Black "Hopkins, Jamie R"]
[Result "0-1"]
[WhiteElo "2080"]
[BlackElo "2137"]
[PlyCount "80"]
[EventDate "2005.10.22"]
[EventType "team"]
[EventRounds "11"]
[EventCountry "ENG"]
[SourceTitle "EXT 2007"]
[Source "ChessBase"]
[SourceDate "2006.11.23"]
[SourceVersion "1"]
[SourceVersionDate "2006.11.23"]
[SourceQuality "1"]
[WhiteTeam "Poisoned Pawns II"]
[BlackTeam "Wessex II"]
[WhiteTeamCountry "ENG"]
[BlackTeamCountry "ENG"]

1. d4 d6 2. c4 e5 3. Nc3 exd4 4. Qxd4 Nc6 5. Qd2 Be6 6. b3 a5 7. Bb2 Nf6 8. e4 Be7 9. Be2 0-0 10. Nf3 Nd7 11. Nd5 Nc5 12. Qc3 f6 13. Nd2 Bf7 14. 0-0 Bg6 15. f3 Ne6 16. Qe3 Re8 17. a3 Bf8 18. b4 f5 19. Bd3 fxe4 20. Nxe4 Ne5 21. Bxe5 dxe5 22. Nf2 Bxd3 23. Nxd3 Nd4 24. Qe4 c6 25. Ne3 Ne2+ 26. Kh1 Nc3 27. Qf5 g6 28. Qh3 Qxd3 29. Ng4 Bg7 30. b5 e4 31. bxc6 bxc6 32. Nf2 Qxc4 33. Rac1 e3 34. Ne4 e2 35. Rfe1 Nxe4 36. fxe4 Qxe4 37. Qb3+ Qe6 38. Qf3 Qe4 39. Rxc6 Qxf3 40. gxf3 Rad8 0-1

[Event "BCF-chT3 0405 (4NCL)"]
[Site "Telford"]
[Date "2005.05.29"]
[Round "10.1"]
[White "Dickinson, Timothy R"]
[Black "Hopkins, Jamie R"]
[Result "1-0"]
[WhiteElo "2176"]
[BlackElo "2152"]
[PlyCount "61"]
[EventDate "2004.11.06"]
[EventType "team"]
[EventRounds "11"]
[EventCountry "ENG"]
[SourceTitle "EXT 2006"]
[Source "ChessBase"]
[SourceDate "2005.11.24"]
[SourceVersion "1"]
[SourceVersionDate "2005.11.24"]
[SourceQuality "1"]
[WhiteTeam "South County Stars"]
[BlackTeam "Wessex II"]
[WhiteTeamCountry "ENG"]
[BlackTeamCountry "ENG"]

1. d4 d6 2. Bg5 c6 3. Qd2 Nd7 4. Nc3 Ngf6 5. e4 h6 6. Bh4 g5 7. Bg3 Nh5 8. 0-0-0 Nxg3 9. hxg3 Bg7 10. f4 g4 11. e5 Nf8 12. Bd3 dxe5 13. dxe5 Qa5 14. Ne4 Qxd2+ 15. Rxd2 Bd7 16. Ne2 0-0-0 17. Nd4 f6 18. exf6 Bxf6 19. Nxf6 exf6 20. Nf5 Bxf5 21. Bxf5+ Kc7 22. Rh4 Rxd2 23. Kxd2 h5 24. Bxg4 Rg8 25. Bxh5 Rxg3 26. Rg4 Rxg4 27. Bxg4 Ng6 28. Ke3 Kd6 29. Ke4 Ne7 30. Bf5 Nd5 31. a3 1-0

[Event "BCF-chT2 0304 (4NCL)"]
[Site "West Bromwich"]
[Date "2004.05.03"]
[Round "9.7"]
[White "Hopkins, Jamie R"]
[Black "Flower, David"]
[Result "1/2-1/2"]
[WhiteElo "2136"]
[BlackElo "2125"]
[PlyCount "75"]
[EventDate "2003.11.17"]
[EventType "team"]
[EventRounds "11"]
[EventCountry "ENG"]
[SourceTitle "EXT 2005"]
[Source "ChessBase"]
[SourceDate "2004.11.15"]
[SourceVersion "1"]
[SourceVersionDate "2004.11.15"]
[SourceQuality "1"]
[WhiteTeam "Wessex"]
[BlackTeam "Barbican III"]
[WhiteTeamCountry "ENG"]
[BlackTeamCountry "ENG"]

1. c4 d6 2. g3 g6 3. Bg2 Bg7 4. Nc3 e5 5. Nf3 Nc6 6. d3 Nge7 7. 0-0 0-0 8. Ne1 Nd4 9. e3 Ne6 10. Nc2 c6 11. d4 f5 12. d5 Nc5 13. b4 e4 14. bxc5 Bxc3 15. Rb1 cxd5 16. cxd5 Be5 17. cxd6 Qxd6 18. Ba3 Qd7 19. d6 Nc6 20. Qd5+ Qf7 21. Qxf7+ Rxf7 22. f3 exf3 23. Bxf3 Be6 24. Rxb7 Rxb7 25. Bxc6 Rab8 26. Bxb7 Rxb7 27. Rd1 Rd7 28. Nd4 Bxa2 29. Nc6 Bf6 30. Bc5 Kf7 31. Nxa7 Ke6 32. Nb5 Bd8 33. Nc3 Bb3 34. Rb1 Bc2 35. Rc1 Bd3 36. Rd1 Bc2 37. Rc1 Bd3 38. Rd1 1/2-1/2

[Event "BCF-chT2 0304 (4NCL)"]
[Site "West Bromwich"]
[Date "2004.05.02"]
[Round "8.7"]
[White "Kosteniuk, Oksana"]
[Black "Hopkins, Jamie R"]
[Result "1/2-1/2"]
[WhiteElo "2113"]
[BlackElo "2136"]
[PlyCount "24"]
[EventDate "2003.11.17"]
[EventType "team"]
[EventRounds "11"]
[EventCountry "ENG"]
[SourceTitle "EXT 2005"]
[Source "ChessBase"]
[SourceDate "2004.11.15"]
[SourceVersion "1"]
[SourceVersionDate "2004.11.15"]
[SourceQuality "1"]
[WhiteTeam "Numerica 3CS II"]
[BlackTeam "Wessex"]
[WhiteTeamCountry "ENG"]
[BlackTeamCountry "ENG"]

1. e4 d6 2. d4 Nf6 3. Nc3 c6 4. Nf3 Bg4 5. a4 a5 6. Bc4 e6 7. Bb3 Be7 8. 0-0 d5 9. exd5 exd5 10. Bf4 0-0 11. Qd3 Nbd7 12. Ne5 Bh5 1/2-1/2

[Event "BCF-chT3 0304 (4NCL)"]
[Site "West Bromwich"]
[Date "2004.03.27"]
[Round "5.1"]
[White "Hopkins, Jamie R"]
[Black "Dickinson, Timothy R"]
[Result "1/2-1/2"]
[WhiteElo "2136"]
[BlackElo "2177"]
[PlyCount "25"]
[EventDate "2003.11.23"]
[EventType "team"]
[EventRounds "11"]
[EventCountry "ENG"]
[SourceTitle "EXT 2005"]
[Source "ChessBase"]
[SourceDate "2004.11.15"]
[SourceVersion "1"]
[SourceVersionDate "2004.11.15"]
[SourceQuality "1"]
[WhiteTeam "Wessex II"]
[BlackTeam "South County Stars"]
[WhiteTeamCountry "ENG"]
[BlackTeamCountry "ENG"]

1. f4 e5 2. fxe5 Nc6 3. Nf3 d6 4. exd6 Bxd6 5. d4 Nf6 6. g3 Bg4 7. c3 Qd7 8. Nbd2 0-0-0 9. Nc4 Rhe8 10. Nxd6+ Qxd6 11. Bg2 Qe6 12. Bg5 Nd5 13. h3 1/2-1/2

[Event "BCF-chT3 0304 (4NCL)"]
[Site "West Bromwich"]
[Date "2004.01.25"]
[Round "4.2"]
[White "Hopkins, Jamie R"]
[Black "Curtis, John E"]
[Result "1/2-1/2"]
[WhiteElo "2136"]
[BlackElo "2121"]
[PlyCount "29"]
[EventDate "2003.11.23"]
[EventType "team"]
[EventRounds "11"]
[EventCountry "ENG"]
[SourceTitle "EXT 2005"]
[Source "ChessBase"]
[SourceDate "2004.11.15"]
[SourceVersion "1"]
[SourceVersionDate "2004.11.15"]
[SourceQuality "1"]
[WhiteTeam "Wessex II"]
[BlackTeam "Bristol II"]
[WhiteTeamCountry "ENG"]
[BlackTeamCountry "ENG"]

1. c4 e5 2. g3 Nc6 3. Bg2 g6 4. Nc3 Bg7 5. e4 d6 6. Nge2 Nge7 7. d3 0-0 8. 0-0 f5 9. h3 Be6 10. Nd5 Qd7 11. Bg5 h6 12. Bxe7 Nxe7 13. Rc1 c6 14. Nxe7+ Qxe7 15. exf5 1/2-1/2

[Event "BCF-chT3 0203 (4NCL)"]
[Site "West Bromwich"]
[Date "2003.05.25"]
[Round "10.1"]
[White "Gordon, Stephen J"]
[Black "Hopkins, Jamie R"]
[Result "1/2-1/2"]
[WhiteElo "2189"]
[BlackElo "2151"]
[PlyCount "70"]
[EventDate "2002.11.??"]
[EventType "team"]
[EventRounds "11"]
[EventCountry "ENG"]
[SourceTitle "EXT 2004"]
[Source "ChessBase"]
[SourceDate "2003.11.25"]
[SourceVersion "1"]
[SourceVersionDate "2003.11.25"]
[SourceQuality "1"]
[WhiteTeam "Numerica 3CS II"]
[BlackTeam "Wessex II"]
[WhiteTeamCountry "ENG"]
[BlackTeamCountry "ENG"]

1. c4 e5 2. g3 d5 3. cxd5 Qxd5 4. Nf3 Nc6 5. Nc3 Qd8 6. Bg2 Bc5 7. 0-0 Nf6 8. d3 0-0 9. a3 a5 10. Bg5 h6 11. Bxf6 Qxf6 12. Nd2 Bd4 13. Nb5 Bxb2 14. Rb1 Bd4 15. Nxc7 Rb8 16. e3 Qd8 17. Nb5 Bb6 18. Nc4 Bc7 19. Nxc7 Qxc7 20. Bxc6 bxc6 21. Rxb8 Qxb8 22. Qa4 Qb5 23. Qxa5 e4 24. Qxb5 cxb5 25. Nd6 exd3 26. Rd1 Ba6 27. e4 Rd8 28. Nf5 Kf8 29. Rd2 g6 30. Ne3 Rd4 31. e5 b4 32. axb4 Rxb4 33. f3 Rb1+ 34. Kf2 Rb5 35. f4 g5 1/2-1/2

[Event "BCF-chT3 0203 (4NCL)"]
[Site "West Bromwich"]
[Date "2003.04.13"]
[Round "8.1"]
[White "Walsh, Chris"]
[Black "Hopkins, Jamie R"]
[Result "1/2-1/2"]
[WhiteElo "2204"]
[BlackElo "2151"]
[PlyCount "34"]
[EventDate "2002.11.??"]
[EventType "team"]
[EventRounds "11"]
[EventCountry "ENG"]
[SourceTitle "EXT 2004"]
[Source "ChessBase"]
[SourceDate "2003.11.25"]
[SourceVersion "1"]
[SourceVersionDate "2003.11.25"]
[SourceQuality "1"]
[WhiteTeam "Nidum Knights"]
[BlackTeam "Wessex II"]
[WhiteTeamCountry "ENG"]
[BlackTeamCountry "ENG"]

1. e4 c5 2. Nf3 Nc6 3. d4 cxd4 4. Nxd4 Nf6 5. Nc3 e5 6. Ndb5 d6 7. Bg5 a6 8. Na3 b5 9. Nd5 Be7 10. Bxf6 Bxf6 11. c3 Rb8 12. Nc2 Bg5 13. Be2 0-0 14. 0-0 a5 15. Nce3 Bxe3 16. Nxe3 Be6 17. Bg4 Qd7 1/2-1/2

[Event "BCF-chT3 0203 (4NCL)"]
[Site "West Bromwich"]
[Date "2003.01.19"]
[Round "4.6"]
[White "Hopkins, Jamie R"]
[Black "Bland, David"]
[Result "1/2-1/2"]
[WhiteElo "2032"]
[BlackElo "1712"]
[PlyCount "43"]
[EventDate "2002.11.??"]
[EventType "team"]
[EventRounds "11"]
[EventCountry "ENG"]
[SourceTitle "EXT 2004"]
[Source "ChessBase"]
[SourceDate "2003.11.25"]
[SourceVersion "1"]
[SourceVersionDate "2003.11.25"]
[SourceQuality "1"]
[WhiteTeam "Wessex II"]
[BlackTeam "South County Stars"]
[WhiteTeamCountry "ENG"]
[BlackTeamCountry "ENG"]

1. c4 g6 2. g3 Bg7 3. Bg2 d6 4. Nc3 c5 5. Nf3 Nc6 6. 0-0 e6 7. e4 Nge7 8. Ne1 0-0 9. d3 Rb8 10. Bd2 b6 11. a3 Bb7 12. Nc2 Qd7 13. Rb1 Rfe8 14. b4 Ba8 15. Ne3 Nd4 16. b5 Bb7 17. f4 a6 18. bxa6 Bxa6 19. a4 Qc7 20. g4 f5 21. h3 Bb7 22. Kh1 1/2-1/2

[Event "BCF-chT qual (4NCL)"]
[Site "England"]
[Date "2002.06.03"]
[Round "4"]
[White "McKeown, Paul"]
[Black "Hopkins, Jamie R"]
[Result "0-1"]
[WhiteElo "2075"]
[BlackElo "2000"]
[PlyCount "36"]
[EventDate "2002.06.??"]
[EventType "team"]
[EventRounds "8"]
[EventCountry "ENG"]
[SourceTitle "EXT 2005"]
[Source "ChessBase"]
[SourceDate "2004.11.15"]
[SourceVersion "1"]
[SourceVersionDate "2004.11.15"]
[SourceQuality "1"]
[WhiteTeam "Athenaeum"]
[BlackTeam "Wessex"]
[WhiteTeamCountry "ENG"]
[BlackTeamCountry "ENG"]

1. e4 c5 2. Nf3 Nc6 3. d4 cxd4 4. Nxd4 Nf6 5. Nc3 e5 6. Ndb5 d6 7. Bg5 a6 8. Na3 b5 9. Bxf6 gxf6 10. Nd5 f5 11. Bd3 Be6 12. Qh5 Rg8 13. 0-0 f4 14. Kh1 Rg6 15. Qd1 Rc8 16. Rg1 Rh6 17. g3 Qg5 18. gxf4 Rxh2+ 0-1